000 01550nam a2200445 i 4500
001 18481
003 KOSZ 005
005 20211203113632.0
008 001122s1979 pl a f f |000 0 pol
015 _aPB 1979/6554
035 _a(OCoLC)749760387
040 _aWA N
_cWA N
_dKOSZ 005/HR
041 0 _apol
046 _k1979
080 _a62-2
080 _a621.82/.85
080 _a(075.8)
100 1 _aSendyka, Bronisław
_d(1937-2015).
_eAutor
245 1 0 _aPodstawy konstrukcji maszyn :
_bskrypt dla studentów wyższych szkół technicznych.
_nT. 2,
_pPrzekładnie zębate, napędy /
_cBronisław Sendyka ; Politechnika Krakowska im. Tadeusza Kościuszki.
260 _aKraków :
_bPK,
_c1979.
300 _a336 s. :
_bil. ;
_c24 cm.
336 _2rdacontent
_aTekst
_btxt
337 _2rdamedia
_aBez urządzenia pośredniczącego
_bn
338 _2rdacarrier
_aWolumin
_bnc
380 _aKsiążki
380 _aPublikacje dydaktyczne
385 _mPoziom nauczania
_aSzkoły wyższe
388 _a1901-2000
388 _a1945-1989
504 _aBibliogr.
658 _aInżynieria i technika
655 4 _aPodręczniki akademickie
650 4 _aNapęd
650 4 _aMaszyny
650 4 _aPrzekładnie zębate
650 4 _a Konstrukcja maszyn i urządzeń
710 2 _aPolitechnika Krakowska im. Tadeusza Kościuszki
856 _uhttp://koha.tu.koszalin.pl/cgi-bin/koha/opac-detail.pl?biblionumber=18481
_yKatalog online BPK
942 _2UKD
_cKS
999 _c18481
_d18481